Normal view
MARC view
- Syed Awais Attique
Entry Personal Name
001 - CONTROL NUMBER
- control field: 98912
003 - CONTROL NUMBER IDENTIFIER
- control field: NUST
005 - DATE AND TIME OF LATEST TRANSACTION
- control field: 20220913094815.0
008 - FIXED-LENGTH DATA ELEMENTS
- fixed length control field: 220913|| aca||aabn | a|a d
040 ## - CATALOGING SOURCE
- Original cataloging agency: NUST
- Transcribing agency: NUST
100 ## - HEADING--PERSONAL NAME
- Personal name: Syed Awais Attique
670 ## - SOURCE DATA FOUND
- Source citation: Work cat.: (NUST): Syed Awais Attique, Molecular Modeling Guided Design of Modulations of FC & RIa for the Therapeutic Treatment of Anaphylaxis /, 2022.
